000 00346nam a22001337a 4500
008 250801b |||||||| |||| 00| 0 eng d
020 _a978032438727
050 _aHG4026
_b.M44
100 _aMEGGINSON L. William
245 _aIntroduction to Coporate Finance
260 _aOhio U.S.A.
_bCeneage Learning
_c2006
300 _ax, 754p.
942 _cBK
999 _c4413
_d4413